000 00448nam a2200145 4500
082 _aBIT-12 HAI
100 _aALI HAIDER
245 _aVIRTUAL PAPER BASED FILING SYSTEM
260 _aISLAMABAD
_bNUST-SEECS
_c2014
300 _a39p.
_eCD INCLUDES
856 _uhttp://10.250.8.41:8080/xmlui/handle/123456789/9517
942 _2ddc
_cTHE
999 _c173162
_d173162